| 000 | 00536nam a22001937a 4500 | ||
|---|---|---|---|
| 999 |
_c2071 _d2071 |
||
| 003 | URS | ||
| 005 | 20220114141958.0 | ||
| 008 | 190514s2000 ph |||| |||| 00| 0 eng d | ||
| 020 | _a9711110970 | ||
| 040 |
_cURS _beng _drda |
||
| 050 | 1 | 4 |
_aHF 5549 _b.A991 2000 |
| 100 | _aAzanza, Patrick A. | ||
| 245 | 1 | 0 |
_aHuman resource management _cAdanza, Patrick A. |
| 264 |
_aMakati City: _bGoodwill Trading; _c[2000] |
||
| 300 |
_a173 pages; _c22 cm |
||
| 504 | _aBibliography: pages 171 | ||
| 650 | _aHuman Resource Management | ||
| 942 |
_2lcc _cF |
||